Turisme blau : a prop de Barcelona = Nautical tourism : close to Barcelona a prop de Barcelona = Nautical tourism : close to Barcelona

Descripció física: 3 volums. : il·lustracions en color, fotografies ; 26 cm
Col·lecció: Turisme Total
Idioma: Multiple languages , Català , English

MARC

LEADER 00000nam a2200000Ia 4500
001 15525
003 Arxiu
005 20260324175552.0
008 160829m20022003spcaxx s0 0 0 mul c
040 |a AGDB 
041 |a cat  |a eng 
080 |a FU-38-16 
080 |a FU-44-18 
080 |a FU-49-52 
245 0 0 |a Turisme blau :  |b a prop de Barcelona = Nautical tourism : close to Barcelona 
246 3 1 |a Nautical tourism :   |b close to Barcelona 
246 3 1 |a Turismo náutico :  |b cerca de Barcelona 
246 3 1 |a Tourisme nautique :   |b près de Barcelone 
260 |a Barcelona :  |b Diputació de Barcelona, Xarxa de Municipis, [Oficina de Promoció Turística],   |c 2002-2006 
300 |a 3 volums. :  |b il·lustracions en color, fotografies ;  |c 26 cm 
310 |a Anual 
490 1 |a Turisme Total 
500 |a A partir de 2006, canvia el format de publicació. S'edita en format d'un fulletó plegat, 26 x 20 cm 
500 |a A partir de 2006, s'inclou el castellà i el francès 
546 |a Text en català i anglès 
590 |a A la portada: Turisme Total.  
590 |a Conté directori d'Oficines de Turisme 
590 |a Text en català, castellà, anglès i francès 
650 0 |a Turisme  |z Barcelona (Província)  |v Guies  |9 31526 
650 |a Esports aquàtics  |x Barcelona (Província)  |x Guies   |9 31527 
650 0 |a Turisme  |z Mediterrània, Mar  |v Guies  |9 31528 
710 1 |a Barcelona (Catalunya : Província).  |b Oficina de Promoció Turística  |9 51402  |e entitat editora 
830 |9 51395  |a Turisme Total 
866 |a 2002 
866 |a 2003 
901 |a Arxiu 
942 |n 1  |2 udc  |c ARXIU 
952 |0 0  |1 0  |4 0  |7 1  |9 45652  |a Arxiu  |b Arxiu  |d 2016-12-01  |h 2003  |o FU-44-18  |p 16649  |r 2016-12-01 00:00:00  |w 2016-12-01  |y ARXIU 
952 |0 0  |1 0  |4 0  |7 1  |9 45653  |a Arxiu  |b Arxiu  |d 2016-12-01  |h 2002  |o FU-38-16  |p 15525  |r 2016-12-01 00:00:00  |w 2016-12-01  |y ARXIU 
952 |0 0  |1 0  |4 0  |7 1  |9 49029  |a Arxiu  |b Arxiu  |d 2016-12-01  |h 2006-2008  |o FU-49-52  |p 22061  |r 2016-12-01 00:00:00  |w 2016-12-01  |y ARXIU 
999 |c 49153  |d 49153